000 00331 a2200133 4500
000 nam a22 7a 4500
005 20260323111135.0
020 _a9780393884852
100 _aBruce Alberts
_91137547
245 _aMolecular Biology of the Cell
250 _a7th
260 _bW. W. Norton & Company Ltd
_c2022
942 _cTEXL
999 _c1726354
_d1726354